000 00834pab a2200181 454500
008 180718b2001 xxu||||| |||| 00| 0 eng d
100 _aPanth, Ananth S.
245 _aSwarozgar yojana: old wine, new cocktail
260 _c2001
300 _ap.3430-431
362 _a8 Sep
520 _aThe Swarnajayanthi Grama Swarozgar Yojana introduced two years ago combines many of the features of the earlier poverty alleviation programmes, with the important distinction that it aims at eliminating poverty through self-help and entrepreneurship development and not just income generation. It can work well only with a great deal of more groundwork than has been done so far. - Reproduced
650 _aSwarozgar yojana
650 _aPoverty - India
650 _aPoverty
773 _aEconomic and Political Weekly
909 _a49903
999 _c49903
_d49903